| 000 | 00564nam a2200181Ia 4500 | ||
|---|---|---|---|
| 008 | 090124s9999 xx 000 0 und d | ||
| 082 | _b27460 | ||
| 100 | _aदेशमुख डॉ. अनंत | ||
| 245 | _a नाट्यविचार | ||
| 250 | _a0 | ||
| 260 |
_bनीहारा प्रकाशन _c1988 |
||
| 300 | _a184 | ||
| 600 | _aदेशमुख डॉ. अनंत | ||
| 630 | _a नाट्यविचार | ||
| 700 | _aदेशमुख डॉ. अनंत | ||
| 730 | _a नाट्यविचार | ||
| 942 | _cBOOK | ||
| 999 |
_c96137 _d96137 |
||